zpět

Detail výsledku týmu

MaxWilliam, Znojmo

Datum a čas kvízu

11.5 Celkem bodů Celkový počet nahraných bodů na tomto kvízu bez doplňovacích otázek.
8. Pořadí na kvízu Konečné umístění týmu na tomto kvízu.

Zaznamenané odpovědi

# Otázka Odpověď Body Výsledky
1. Na půdě Poslanecké sněmovny se... obrázek Milady Horákové 0
2. Švýcarská policie pátrá po člo... zlato 0
3. Minulý týden se na internetu o... Milan Kundera 0
4. Alena Schillerová představila... 5 740 Kč 0
5. Minulý týden skončily spekulac... Chelsea 1
6. Napište dvě řecké předpony pou... mega, mikro 0
7. První záchytný bod v původní č... 320 000 Kč 0
8. Uveďte právní formu Milionu ch... B 0
9. V žebříčku deseti měst USA s v... Kalifornie a Texas 0
10. Slunce je od Země vzdáleno zhr... 8 minut 0